Исследование влияния ультразвуковой обработки на структуру и механические свойства стали 12Х1МФ; Материалы и технологии новых поколений в современном материаловедении
| Parent link: | Материалы и технологии новых поколений в современном материаловедении.— 2015.— [С. 57-60] |
|---|---|
| Autor principal: | |
| Autor corporatiu: | |
| Altres autors: | |
| Sumari: | Заглавие с титульного экрана Increased fatigue life of steel 12CrMoV by ultrasonic treatment. We researched the structure using an optical microscope. We tested at static tension and fatigue life of steel 12CrMoV. |
| Idioma: | rus |
| Publicat: |
2015
|
| Col·lecció: | Проблемы прочности современных конструкционных материалов |
| Matèries: | |
| Accés en línia: | http://earchive.tpu.ru/handle/11683/18291 http://www.lib.tpu.ru/fulltext/c/2015/C39/012.pdf |
| Format: | Electrònic Capítol de llibre |
| KOHA link: | https://koha.lib.tpu.ru/cgi-bin/koha/opac-detail.pl?biblionumber=616391 |
MARC
| LEADER | 00000naa2a2200000 4500 | ||
|---|---|---|---|
| 001 | 616391 | ||
| 005 | 20231101132915.0 | ||
| 035 | |a (RuTPU)RU\TPU\conf\14629 | ||
| 035 | |a RU\TPU\conf\14627 | ||
| 090 | |a 616391 | ||
| 100 | |a 20151224d2015 k y0rusy50 ca | ||
| 101 | 0 | |a rus |d eng | |
| 102 | |a RU | ||
| 105 | |a y z 101zy | ||
| 135 | |a drcn ---uucaa | ||
| 181 | 0 | |a i | |
| 182 | 0 | |a b | |
| 200 | 1 | |a Исследование влияния ультразвуковой обработки на структуру и механические свойства стали 12Х1МФ |d Increased fatigue life of steel 12CRMoV by ultrasonic treatment |f И. В. Власов, Р. Б. Мухорьянов | |
| 203 | |a Текст |c электронный | ||
| 225 | 1 | |a Проблемы прочности современных конструкционных материалов | |
| 230 | |a 1 компьютерный файл (pdf; 584 Кб) | ||
| 300 | |a Заглавие с титульного экрана | ||
| 320 | |a [Библиогр.: с. 60 (1 назв.)] | ||
| 330 | |a Increased fatigue life of steel 12CrMoV by ultrasonic treatment. We researched the structure using an optical microscope. We tested at static tension and fatigue life of steel 12CrMoV. | ||
| 337 | |a Adobe Reader | ||
| 463 | 0 | |0 (RuTPU)RU\TPU\conf\14276 |t Материалы и технологии новых поколений в современном материаловедении |o сборник трудов Международной конференции с элементами научной школы для молодежи, г. Томск, 9 – 11 ноября 2015 г. |f Национальный исследовательский Томский политехнический университет (ТПУ) ; Академия наук СССР (АН СССР), Сибирское отделение (СО), Институт физики прочности и материаловедения (ИФПМ) ; Российский фонд фундаментальных исследований (РФФИ) |v [С. 57-60] |d 2015 | |
| 510 | 1 | |a Increased fatigue life of steel 12CRMoV by ultrasonic treatment |z eng | |
| 610 | 1 | |a труды учёных ТПУ | |
| 610 | 1 | |a электронный ресурс | |
| 610 | 1 | |a ультразвуковая обработка | |
| 610 | 1 | |a структуры | |
| 610 | 1 | |a механические свойства | |
| 610 | 1 | |a стали | |
| 610 | 1 | |a 12Х1МФ | |
| 700 | 1 | |a Власов |b И. В. |c специалист в области материаловедения |c инженер Томского политехнического университета |f 1988- |g Илья Викторович |2 stltpush |3 (RuTPU)RU\TPU\pers\28819 | |
| 701 | 1 | |a Мухорьянов |b Р. Б. | |
| 712 | 0 | 2 | |a Национальный исследовательский Томский политехнический университет (ТПУ) |b Институт физики высоких технологий (ИФВТ) |b Кафедра материаловедения в машиностроении (ММС) |h 74 |2 stltpush |3 (RuTPU)RU\TPU\col\18688 |
| 801 | 2 | |a RU |b 63413507 |c 20210209 |g RCR | |
| 856 | 4 | |u http://earchive.tpu.ru/handle/11683/18291 | |
| 856 | 4 | |u http://www.lib.tpu.ru/fulltext/c/2015/C39/012.pdf | |
| 942 | |c BK | ||